000 00812cab a2200241 4500
001 WB3102-37
008 090401t1995 xxu||||| |||| 00| 0 eng d
035 _a(Sirsi) u66080
041 _aeng
245 _aPlanning permission
260 _c1995
350 _a0
490 _aEstates Gazette Case Summaries
_v(1995) EGCS 210(1) (7/1/95)
520 _a"West Oxfordshire DC v SoS Environment and another" QBD 16 December 1994. W successfully appealed against a decision made by SoS to overturn W`s refusal of the planning permission sought by a developer (P) to build flats.
650 _aAWARD OF COSTS
650 _aPLANNING PERMISSION
650 _aREASONING
650 _aREFUSAL
650 _aUSE CLASS C3
690 _aPLANNING LAW AND PRACTICE-CASE LAW
942 _n0
948 _c04/03/1997
999 _c41299
_d41299